LEADER 01081cam1 22002411 450 001 SOBE00071298 005 20220509074731.0 100 $a20220509d1837 |||||ita|0103 ba 101 $aita 102 $aIT 200 1 $aDel modo di comporre le idee e di contrassegnarle con vocaboli precisi per potere scomporle regolarmente a fine di ben ragionare, e delle forze e dei limiti dell'umano intelletto$fopera di Paolo Costa 205 $a2. ed. corretta ed accresciuta 210 $aParma$cdai torchi di P. Fiaccadori$d1837 215 $a2 volumi$d20 cm 463 1$1001SOBE00071300$12000 $aVol. 1. / Paolo Costa 463 1$1001SOBE00071303$12000 $aVol. 2. / Paolo Costa 700 1$aCosta$b, Paolo <1771-1836>$3SOBA00023638$4070$0301941 801 0$aIT$bUNISOB$c20220509$gRICA 912 $aSOBE00071298 940 $aM 102 Monografia moderna SBN 941 $aM 996 $aDel modo di comporre le idee e di contrassegnarle con vocaboli precisi per potere scomporle regolarmente a fine di ben ragionare, e delle forze e dei limiti dell'umano intelletto$92834982 997 $aUNISOB